| 000 | 00400nam a2200169Ia 4500 | ||
|---|---|---|---|
| 005 | 20250423100217.0 | ||
| 008 | 250422s9999 xx 000 0 und d | ||
| 020 | _a978-0-7356-1 | ||
| 100 | _aBuxh Jwewmy | ||
| 245 | 0 | _aMicrosott Office Communications Server 2007 | |
| 260 | _aWashinton | ||
| 260 | _bMicrosoft Press | ||
| 260 | _c2008 | ||
| 300 | _a758 p | ||
| 650 | _aSoft Ware | ||
| 942 | _cBK | ||
| 999 |
_c32615 _d32615 |
||